LIBRARY & INFORMATION CENTRE, KCAET, TAVANUR

ONLINE PUBLIC ACCESS CATALOGUE (OPAC)

Method of test for determination of openness of fibarisation of chrysotile asbestos fibre by air permeability method using Dyckerhoff apparatus / (Record no. 9704)

MARC details
000 -LEADER
fixed length control field 00778cam a2200157ua 4500
041 ## - LANGUAGE CODE
Language code of text/sound track or separate title eng
082 ## - DEWEY DECIMAL CLASSIFICATION NUMBER
Classification number 666.9
Item number IND/ME
245 ## - TITLE STATEMENT
Title Method of test for determination of openness of fibarisation of chrysotile asbestos fibre by air permeability method using Dyckerhoff apparatus /
250 ## - EDITION STATEMENT
Edition statement 1 /
260 ## - PUBLICATION, DISTRIBUTION, ETC. (IMPRINT)
Place of publication New Delhi :
Name of publisher Indian Standards Institution ,
Year of publication 1981.
300 ## - PHYSICAL DESCRIPTION
Number of Pages 11 ; .
942 ## - ADDED ENTRY ELEMENTS (KOHA)
Koha item type Books
Holdings
Withdrawn status Lost status Damaged status Home library Current library Date acquired Full call number Accession Number Koha item type
      KAUAET KAUAET 07/04/2012 666.9 17425 Standards
free website counter